Highway research board bulletin 236 Landslide and foundation investigation and stability analysis (Record no. 544636)

000 -LEADER
fixed length control field 00459nam a22001337a 4500
082 ## - DEWEY DECIMAL CLASSIFICATION NUMBER
Classification number 551.307
Author Mark NAT
-- D
100 ## - MAIN ENTRY--PERSONAL NAME
Personal name N.A. S. -N. R. C.
9 (RLIN) 40295
245 ## - TITLE STATEMENT
Title Highway research board bulletin 236 Landslide and foundation investigation and stability analysis
260 ## - PUBLICATION, DISTRIBUTION, ETC.
Place of publication, distribution, etc. Washington
Name of publisher, distributor, etc. The world bank washington, D.C.
Date of publication, distribution, etc. C 1960.
300 ## - PHYSICAL DESCRIPTION
Extent 67p. :
Other physical details ill.;
Dimensions 24 cm.
526 ## - STUDY PROGRAM INFORMATION NOTE
Program name 0
Interest level 0
Reading level 0
Title point value 551_307000000000000_NAT
650 ## - SUBJECT ADDED ENTRY--TOPICAL TERM
Topical term or geographic name entry element NUST / MCE
9 (RLIN) 26909
942 ## - ADDED ENTRY ELEMENTS (KOHA)
Source of classification or shelving scheme
Koha item type Book
Holdings
Withdrawn status Lost status Source of classification or shelving scheme Damaged status Not for loan Permanent Location Current Location Date acquired Total Checkouts Full call number Barcode Date last seen Date last checked out Price effective from Koha item type
          Military College of Engineering (MCE) Military College of Engineering (MCE) 05/08/2014 1 551.307 NAT MCE-42353 05/09/2014 05/09/2014 05/08/2014 Book
© 2023 Central Library, National University of Sciences and Technology. All Rights Reserved.